000 00414pab a2200169 454500
008 180718b2012 xxu||||| |||| 00| 0 eng d
100 _aSachar, Rajindar
245 _aWither Indian politics / elections?
260 _c2012
300 _ap.4,33.
362 _a3 Mar
650 _aIndia - Politics and government
650 _aPolitics and government
773 _aMainstream
908 _aN
909 _a95139
999 _c95139
_d95139